WNBA Finals Winners - Statistics

General Stats
  • This quiz has been taken 11 times
  • The average score is 21 of 29
Answer Stats
Hint Answer % Correct
2021 Chicago Sky
100%
2025 Las Vegas Aces
100%
2023 Las Vegas Aces
100%
2022 Las Vegas Aces
100%
2024 New York Liberty
100%
2008 Detroit Shock
89%
2012 Indiana Fever
89%
2016 Los Angeles Sparks
89%
2014 Phoenix Mercury
89%
2007 Phoenix Mercury
89%
2019 Washington Mystics
89%
2017 Minnesota Lynx
78%
2011 Minnesota Lynx
78%
2009 Phoenix Mercury
78%
2006 Detroit Shock
67%
2015 Minnesota Lynx
67%
2013 Minnesota Lynx
67%
2005 Sacramento Monarchs
67%
2020 Seattle Storm
67%
2018 Seattle Storm
67%
2010 Seattle Storm
67%
2003 Detroit Shock
56%
2002 Los Angeles Sparks
56%
2001 Los Angeles Sparks
56%
2000 Houston Comets
44%
1999 Houston Comets
44%
1998 Houston Comets
44%
1997 Houston Comets
44%
2004 Seattle Storm
44%
No matching quizzes found
Score Distribution
Percent of People with Each Score
Percentile by Number Answered
Your Score History
You have not taken this quiz